000 00463nam a2200169Ia 4500
005 20250508162635.0
008 008 250505s9999 xx 000 0 eng d
037 _aReference
040 _aFEDL
_beng
_cFEDL
041 _aeng
_2eng
084 _a423, COL
_qFEDL
245 0 _aCollins cobuild english language dictionary
260 _aLondon , UK
_bCollins
_c1987
300 _axxiii,1703p.
942 _cREF
_h423, COL
999 _c1377789
_d1377789